| 000 | 00855nam a22002057a 4500 | ||
|---|---|---|---|
| 005 | 20251108173218.0 | ||
| 008 | 250721s2006 xx 000 0 ara d | ||
| 082 | 1 | 4 | _a915.6/عبد |
| 100 | 1 | _aعبد الله، عبد الفتاح لطفي | |
| 245 | 1 | 0 | _aجغرافية الوطن العربي : تحليل الأبعاد الجغرافية لمشكلات الوطن العربي الأمن المائي و الأمن الغذائي و التحديي الديموغرافيي وظاهرة التحضر / |
| 264 | 1 |
_aعمان : _bدار المسيرة للنشر و التوزيع، _c2006. |
|
| 300 | _a304ص | ||
| 650 | 1 | 7 | _aالتحضر |
| 650 | 1 | 7 | _aالجغرافيا الطبيعية |
| 650 | 1 | 7 | _aالوطن العربي |
| 650 | 1 | 7 | _aالأمن المائي |
| 650 | 1 | 7 | _aالأمن الغذائي |
| 942 |
_2ddc _cBK |
||
| 999 |
_c98659 _d98659 |
||